Nefastas consecuencias implica ley de emergencia /
Enregistré dans:
| Auteur principal: | |
|---|---|
| Format: | Texte |
| Tags: |
Ajouter un tag
Pas de tags, Soyez le premier à ajouter un tag!
|
MARC
| LEADER | 00000 a a2200000 04500 | ||
|---|---|---|---|
| 001 | 1581 | ||
| 003 | |||
| 040 | |||
| 100 | |a Vega, Patricia | ||
| 245 | |a Nefastas consecuencias implica ley de emergencia / |c Patricia Vega | ||
| 773 | |g número 19; páginas 4-9 | ||
| 999 | |c 21595 |d 21595 | ||
